dr mrs vandetramp verbs - Statistics

General Stats
  • This quiz has been taken 29 times
  • The average score is 14 of 16
Answer Stats
Answer % Correct
devenir
100%
venir
100%
descendre
93%
monter
93%
aller
87%
arriver
87%
entrer
87%
naitre
87%
rentrer
87%
revenir
87%
sortir
87%
tomber
87%
mourir
80%
partir
80%
retourner
73%
rester
53%
No matching quizzes found
Score Distribution
Percent of People with Each Score
Percentile by Number Answered
Your Score History
You have not taken this quiz